La vacilación del tiempo
Uloženo v:
| Hlavní autor: | |
|---|---|
| Médium: | Kniha |
| Jazyk: | španělština |
| Vydáno: |
Santiago
Servicio Nacional de Salud
1957
|
| Témata: | |
| Tagy: |
Přidat tag
Žádné tagy, Buďte první, kdo vytvoří štítek k tomuto záznamu!
|
MARC
| LEADER | 00000nam a2200000 a 4500 | ||
|---|---|---|---|
| 001 | UCZ5038 | ||
| 003 | CL-VaPUC | ||
| 008 | 951116e19570000CL |||||||||||||||||spa|d | ||
| 082 | 0 | 4 | |a Ch863 |b ECH |2 21 |
| 100 | 0 | |a Echeverría Y., Alfonso |e author |9 348994 | |
| 245 | 1 | 3 | |a La vacilación del tiempo |
| 300 | |a 405 p | ||
| 942 | |c BK | ||
| 945 | |d 19951116 00:00:00 |a rleighto | ||
| 260 | |a Santiago |b Servicio Nacional de Salud |c 1957 | ||
| 650 | 0 | |a Novelas chilenas |9 265425 | |
| 583 | |a last modification |c 20140805 10:10:38 |k Rodrigo Vera | ||
| 999 | |c 241367 |d 241365 | ||
| 952 | |0 0 |1 0 |4 0 |6 CH_863_000000000000000_ECH_1957 |7 0 |8 A |9 253667 |a BIBEDU |b BIBEDU |d 2019-11-19 |i 3152006 |o Ch863 ECH 1957 |p 3152006 |r 2019-11-19 |w 2019-11-19 |y BK |k LIT | ||
| 952 | |0 0 |1 0 |4 0 |6 CH_863_000000000000000_ECH_1957 |7 0 |8 A |9 253668 |a BIBEDU |b BIBEDU |d 2019-11-19 |i 1337564 |o Ch863 ECH 1957 |p 1337564 |r 2019-11-19 |w 2019-11-19 |y BK |k LIT | ||